• 首页
  • 本馆介绍
  • 公告通知
  • 最新文献
  • 馆藏检索
  • 电子资源
  • 读者导购
  • 参考咨询
  • 我的图书馆
  • 登录
  • 详细信息显示
  • 放入我的书架
  • 预约/预借图书
  • 作者相关作品
  • 分类相关作品
  • 丛书相关作品
  • 出版社相关作品

书目信息

  • 表格格式
  • 工作单格式
  • 卡片格式
题名:
自助意大利语
    
 
作者: 陈云帆 , 吕蕾 编著
分册:  
出版信息: 北京   外文出版社  2005
页数: 256页
开本: 19cm
丛书名:
单 册:
中图分类: H772.94
科图分类:
主题词: 意大利语--口语 , 口语 , 意大利语
电子资源:
ISBN: 7-119-03876-1
000 01149nam0 2200349 450
000 01112nam0 2200337 450
000 01112nam0 2200349 450
000 01058nam0 2200325 450
000 01087nam0 2200313 450
000 01050nam0 2200301 45
001 TS-182620
005 20061228111806.34
010    @a7-119-03876-1@dCNY12.00
100    @a20060829d2005 em y0chiy0110 ea
101 0  @achi@aita
102    @aCN@b110000
105    @ay z 000yy
200 1  @a自助意大利语@Azi zhu yi da li yu@e全新版@f陈云帆,吕蕾编著
210    @a北京@c外文出版社@d2005
215    @a256页@d19cm
330    @a本书在内容上选择最常用的“场景”和最通用的“功能”进行分类,在句型上以“常用”和“易学”为原则,选取在意大利生活中的必备句型。
510 1  @aItaliano a Piacere@zita
606 0  @a意大利语@x口语
606 0  @a口语
606 0  @a意大利语
690    @aH772.94@v4
701  0 @a陈云帆@Achen yun fan@4编著
701  0 @a吕蕾@Alü lei@c(意大利语)@4编著
801  0 @aCN@b中图数据@c20061228
905    @a10447@dH772.94@e8
    
    自助意大利语:全新版/陈云帆,吕蕾编著.-北京:外文出版社,2005
    256页;19cm
    
    
    ISBN 7-119-03876-1:CNY12.00
    本书在内容上选择最常用的“场景”和最通用的“功能”进行分类,在句型上以“常用”和“易学”为原则,选取在意大利生活中的必备句型。
●
相关链接 在E读中查询图书 在五车中查询图书 在当当中查询图书 在豆瓣中查询图书


正题名:自助意大利语     索取号:H772.94/8         预约/预借

序号 登录号 条形码 馆藏地/架位号 状态 备注
1 0610777   206107773   第二样本阅览室/ [索取号:H772.94/8] 在馆    
2 0610778   206107782   第四借阅区/ [索取号:H772.94/8] 在馆    
3 0610779   206107791   第四借阅区/ [索取号:H772.94/8] 在馆    
4 0610780   206107808   第四借阅区/ [索取号:H772.94/8] 在馆    
5 0610781   206107817   第四借阅区/ [索取号:H772.94/8] 在馆    
6 0610782   206107826   第四借阅区/ [索取号:H772.94/8] 在馆    
唐山师范学院图书馆 欢迎您!
大连网信软件有限公司© 版权所有